Pour une sociologie des intellectuels révolutionnaires (Record no. 105472)

MARC details
000 -LEADER
campo de control de longitud fija 00768nam a2200229 i 4500
001 - NÚMERO DE CONTROL
campo de control 105472
003 - IDENTIFICADOR DE NÚMERO DE CONTROL
campo de control ES-MaACL
005 - FECHA Y HORA DE LA ÚLTIMA TRANSACCIÓN
campo de control 20250415213550.0
007 - CAMPO FIJO DE DESCRIPCIÓN FÍSICA--INFORMACIÓN GENERAL
campo de control de longitud fija t|
008 - DATOS DE LONGITUD FIJA--INFORMACIÓN GENERAL
campo de control de longitud fija 060719s1976 fr ||||1| fre d
080 ## - NÚMERO DE LA CLASIFICACIÓN DECIMAL UNIVERSAL
Número de la Clasificación Decimal Universal 1 Lukács, György
100 1# - ENTRADA PRINCIPAL--NOMBRE DE PERSONA
Nombre de persona Lowy, Michael.
9 (RLIN) 74396
245 10 - MENCIÓN DEL TÍTULO
Título Pour une sociologie des intellectuels révolutionnaires
Resto del título : l'évolution politique de Lukacs 1909-1929 /
Mención de responsabilidad, etc. Michael Löwy.
260 ## - PUBLICACIÓN, DISTRIBUCIÓN, ETC.
Lugar de publicación, distribución, etc. Paris :
Nombre del editor, distribuidor, etc. Presses Universitaires de France,
Fecha de publicación, distribución, etc. [1976]
300 ## - DESCRIPCIÓN FÍSICA
Extensión 319 p. ;
Dimensiones 22 cm.
490 1# - MENCIÓN DE SERIE
Mención de serie Sociologie d'aujourd'hui
500 ## - NOTA GENERAL
Nota general Biblioteca Juan Andrade.
600 14 - PUNTO DE ACCESO ADICIONAL DE MATERIA--NOMBRE DE PERSONA
Nombre de persona Lukács, György,
Fechas asociadas al nombre 1885-1971
9 (RLIN) 74718
830 0# - PUNTO DE ACCESO ADICIONAL DE SERIE-TÍTULO UNIFORME
Título uniforme Sociologie d'aujourd'hui
9 (RLIN) 185044
852 ## - LOCALIZACIÓN
Ubicación ES-MaACL
Número de control de estantería AND-269
Sublocalización o colección R.109586
Holdings
Estatus retirado Estado de pérdida Estado de daño No para préstamo Biblioteca de origen Biblioteca actual Ubicación en estantería Fecha de adquisición Fuente de adquisición Total de préstamos Signatura topográfica completa Código de barras Visto por última vez Precio de reemplazo Tipo de ítem Koha
        Biblioteca del Ateneo de Madrid Biblioteca del Ateneo de Madrid Depósito 2 17/01/2008     AND-269 1110118 23/02/2023 23/02/2023 Libro impreso